Beyoncé: Complete Discography - Statistics

General Stats
  • This quiz has been taken 198 times
  • The average score is 87 of 214
Answer Stats
Album Song % Correct
Dangerously In Love Crazy In Love
93%
Sasha Fierce Single Ladies / Put A Ring On It
80%
I Am... Halo
78%
Cowboy Carter Texas Hold 'Em
77%
Beyoncé (Bonus) 7/11
75%
Beyoncé Drunk In Love
75%
4 Run The World / Girls
75%
Dangerously In Love Naughty Girl
74%
Dangerously In Love Baby Boy
73%
Lemonade Formation
73%
Renaissance Break My Soul
72%
B'Day Irreplaceable
71%
Renaissance Cuff It
70%
Sasha Fierce Diva
70%
Renaissance Alien Superstar
69%
Renaissance America Has A Problem
69%
Lemonade Sorry
69%
4 1 + 1
68%
Renaissance Cozy
68%
Dangerously In Love Daddy
68%
B'Day Déjà Vu
68%
Renaissance Energy
68%
Cowboy Carter Jolene
68%
4 Love On Top
68%
Everything Is Love Summer
68%
Renaissance Heated
67%
B'Day (Bonus) If
67%
Beyoncé Partition
67%
Renaissance Summer Renaissance
67%
Cowboy Carter 16 Carriages
66%
B'Day (Bonus) Beautiful Liar
65%
Renaissance I'm That Girl
65%
I Am... If I Were A Boy
64%
Renaissance Pure/Honey
64%
Lemonade Hold Up
63%
Cowboy Carter Ameriican Requiem
62%
Lemonade Daddy Lessons
62%
Cowboy Carter Tyrant
62%
Renaissance Virgo's Groove
62%
Renaissance Move
61%
Renaissance Church Girl
60%
Cowboy Carter Daughter
60%
Beyoncé Flawless
60%
Lemonade All Night
59%
Everything Is Love Apeshit
59%
Cowboy Carter II Most Wanted
59%
Dangerously In Love Me, Myself, And I
59%
Renaissance Plastic Off The Sofa
59%
Beyoncé Pretty Hurts
59%
Renaissance Thique
59%
Cowboy Carter Bodyguard
58%
Cowboy Carter Levii's Jeans
58%
Renaissance All Up In Your Mind
57%
Cowboy Carter Blackbiird
57%
Lemonade Freedom
57%
Beyoncé Haunted
57%
Lemonade Sandcastles
57%
Cowboy Carter Ya Ya
57%
Lemonade 6 Inch
56%
Cowboy Carter Protector
56%
Sasha Fierce Sweet Dreams
56%
Sasha Fierce Video Phone
56%
Beyoncé XO
56%
Cowboy Carter Amen
55%
4 Countdown
55%
B'Day Freakum Dress
55%
4 I Care
55%
Features Pray
55%
Beyoncé Blue
54%
B'Day Green Light
54%
Cowboy Carter II Hands II Heaven
54%
Lemonade Pray You Catch Me
54%
4 Best Thing I Never Had
53%
Cowboy Carter Sweet Honey Buckin'
53%
Lemonade Don't Hurt Yourself
52%
Lemonade Love Drought
52%
Cowboy Carter Alliigator Tears
51%
Cowboy Carter Flamenco
51%
Cowboy Carter Spaghettii
51%
B'Day Upgrade U
51%
Beyoncé Blow
50%
I Am... Broken-Hearted Girl
50%
Cowboy Carter Dolly P
50%
4 End Of Time
50%
Beyoncé Jealous
50%
4 Party
50%
Cowboy Carter Riiverdance
50%
B'Day Ring The Alarm
50%
Features Telephone
50%
B'Day Get Me Bodied
49%
4 I Was Here
49%
B'Day Kitty Kat
49%
B'Day (Bonus) Listen
49%
Cowboy Carter My Rose
49%
Sasha Fierce (Bonus) Ego
48%
The Lion King: The Gift Spirit
48%
4 (Bonus) Dance For You
47%
Beyoncé Mine
47%
B'Day Resentment
47%
Dangerously In Love Signs
47%
B'Day (Bonus) Check On It
46%
Cowboy Carter Just For Fun
46%
Beyoncé Rocket
46%
Dangerously In Love Dangerously In Love 2
45%
B'Day Suga Mama
45%
Beyoncé Heaven
44%
Sasha Fierce Radio
44%
The Lion King: The Gift (Bonus) Black Parade
43%
The Lion King: The Gift Brown Skin Girl
43%
The Lion King: The Gift My Power
43%
Beyoncé No Angel
43%
Dangerously In Love Speechless
43%
The Lion King: The Gift Already
42%
I Am... Ave Maria
42%
Cowboy Carter Desert Eagle
42%
Lemonade Forward
42%
Beyoncé Superpower
42%
Sasha Fierce (Bonus) Why Don't You Love Me
42%
Dangerously In Love (Bonus) 03 Bonnie & Clyde
41%
Sasha Fierce (Bonus) Hello
41%
4 I Miss You
41%
4 (Bonus) Schoolin' Life
41%
Cowboy Carter Smoke Hour
41%
The Lion King: The Gift Water
41%
Dangerously In Love Yes
41%
Dangerously In Love Gift From Virgo
39%
Dangerously In Love Hip Hop Star
39%
Cowboy Carter Oh Louisiana
39%
I Am... Satellites
38%
Beyoncé (Bonus) Standing On The Sun
38%
Cowboy Carter The Linda Martell Show
38%
Cowboy Carter Smoke Hour II
37%
B'Day (Bonus) Welcome To Hollywood
37%
4 Rather Die Young
36%
Beyoncé (Bonus) Ring Off
36%
The Lion King: The Gift Bigger
35%
I Am... Smash Into You
35%
Dangerously In Love Be With You
33%
The Lion King: The Gift Nile
33%
Dangerously In Love (Bonus) Work It Out
33%
The Lion King: The Gift Find Your Way Back
32%
B'Day (Bonus) Flaws And All
32%
The Lion King: The Gift Mood 4 Eva
32%
4 Start Over
32%
B'Day (Bonus) World Wide Woman
32%
I Am... Disappear
30%
Beyoncé (Bonus) Grown Woman
30%
Everything Is Love Nice
30%
Features Feeling Myself
29%
Sasha Fierce (Bonus) Scared Of Lonely
29%
B'Day (Bonus) Amor Gitano
28%
The Lion King: The Gift Otherside
28%
Dangerously In Love Beyoncé Interlude
27%
Dangerously In Love The Closer I Get To You
27%
Everything Is Love 713
25%
Everything Is Love Friends
25%
Everything Is Love Love Happy
25%
Everything Is Love Boss
24%
Everything Is Love Heard About Us
24%
Sasha Fierce (Bonus) Poison
24%
Dangerously In Love That's How you Like It
24%
Everything Is Love Black Effect
23%
Soundtracks Be Alive
22%
I Am... (Bonus) Save The Hero
22%
I Am... (Bonus) That's Why You're Beautiful
22%
Features Runnin' / Lose It All
19%
Everything Is Love (Bonus) Salud!
18%
Features Top Off
18%
B'Day (Bonus) Creole
17%
4 (Bonus) Lay Up Under Me
17%
Dangerously In Love (Bonus) Bienvenue
15%
4 (Bonus) Dreaming
15%
Features Part II / On The Run
15%
Features Lift Off
14%
Features Shining
13%
Duets / Collaborations Until The End Of Time
13%
Dangerously In Love (Bonus) What's It Gonna Be
13%
Dangerously In Love (Bonus) I Can't Take No More
12%
Features Put It In A Love Song
12%
Features Say Yes
12%
Soundtracks Summertime
12%
Duets / Collaborations Delresto / Echoes
10%
Features Family Feud
10%
Features Hollywood
10%
Soundtracks A Woman Like Me
9%
B'Day (Bonus) Back Up
9%
B'Day (Bonus) Lost Yo Mind
9%
Features Walk On Water
9%
Singles Die With You
8%
Features Naïve
8%
Soundtracks Fighting Temptation
7%
Features Love In This Club Part II
7%
Features Nothing Out There For Me
7%
Features Crazy Feelings
5%
Features I Got That
5%
Features Love A Woman
5%
Features Pink + White
5%
Soundtracks Sing A Song
5%
Features Turnt
5%
Soundtracks Wishing On A Star
5%
Features You Changed
4%
Duets / Collaborations After All Is Said And Done
3%
Soundtracks Everything I Do
3%
Soundtracks Keep Giving Your Love To Me
3%
Features Can I
2%
Features Dreams
2%
Features Make Me Say It Again, Girl
2%
Features See Me Now
2%
Features Sorry Not Sorry
2%
Features Venus Vs. Mars
2%
B'Day (Bonus) First Time
1%
Duets / Collaborations Just Stand Up!
1%
Duets / Collaborations Say Her Name / Hell You Talmbout
1%
Soundtracks Time To Come Home
1%
No matching quizzes found
Score Distribution
Percent of People with Each Score
Percentile by Number Answered
Your Score History
You have not taken this quiz